000 00317nam a2200133Ia 4500
008 100328s9999 xx 000 0 und d
082 _b67958
100 _aPreston Douglas.
245 _aTyrannosaur Canyon.
260 _bForge.
630 _aTyrannosaur Canyon.
730 _aTyrannosaur Canyon.
942 _cBOOK
999 _c553697
_d553694